00810 2200277 4500001002100000005001700021008004100038020002200079035002400101040001200125082002100137084002100158090002100179100002400200245006800224260003000292300003100322650004500353700003000398700002100428700002000449850001200469990001700481990001700498990001700515INLIS00000000000019820141006110643.0  a978-0-7946-0556-8 0010-101400000000093 aYOPDYOG aQ 728.3599 Rey T aQ 728.3599 Rey T aQ 728.3599 Rey T aREYES, Elizabeth V. aTropical living :bcontemporary dream houses in the Philippines aSingaporebPeriplusc2000 a224 hlm.b: ilus. ;c31 cm aRumah Tinggal-Pola dan Rencana-Philipina aZialcita, Fernando Nakpil aAlcazaren, Paulo aChester Ong, A. aYOPDYOG a8332-PD/B.14 a8333-PD/B.14 a8334-PD/B.14